000 00357nam a2200145Ia 4500
008 150201s2008 xx 000 0 und d
082 _a617.52O6
_bD2008S
100 _aSESSLE, BARRY J.
245 _aOROFACIAL PAIN
250 _a2ND
260 _bQUINTESSENCE PUBLICATION
_aCHICAGO
_c2008
300 _a1-250
650 _aORAL SURGERY
942 _2ddc
_cBK
_01
999 _c4484
_d4484